000 00351nam a2200133Ia 4500
008 240624s9999 xx 000 0 und d
041 _aeng
082 _a823 DIA
100 _aDIAMANDIS PETER H
245 _aABUNDANCE THE FUTURE IS BETTER THAN YOU
260 _c2012
_aNew Delhi
_bFree Press
300 _axi, : 386 : p. : cm. ; 23
365 _cRS
_b25
999 _c19836
_d19836